000 00965nam a22002297a 4500
005 20250904112110.0
010 _aB-772863-879 ENG-146725 BACEN25
020 _a9789355382689
_c765.00
035 _aB-772863-879
035 _aEN-130257
037 _bKhanna Book Publishing
037 _bDBAD
_aDPL
082 _a621.3822
_21
100 _aKanmani, B.
_984701
245 _aDigital Signal Processing Concepts Using Python/
_cBy B. Kanmani
250 _a1
260 _aNew Delhi
_bKhanna Book Publishing Co.(P) Ltd
_c2024
270 _a4C/4344, Ansari Road, Darya Ganj
_bNew Delhi
_e110002
_mcontact@khannabooks.com
_k011-2324447
_k011-2324448
_k9910909320
300 _axxviii,462p.
_c24cm(pb)
942 _2ddc
_cEN
_h621.3822
_mKAN
_e1
999 _c209340
_d209340